[Event "Zagreb GP U16"]
[Site "Zagreb"]
[Date "2013.05.28"]
[Round "4"]
[White "Stojanovic, Tea"]
[Black "Buergler, Filip"]
[Result "1/2-1/2"]
[WhiteElo "1600"]
[BlackElo "1643"]
[PlyCount "111"]
[EventDate "2013.05.26"]
[EventType "swiss"]
[EventRounds "6"]
[EventCountry "CRO"]
[SourceTitle "CBM 154 Extra"]
[Source "ChessBase"]
[SourceDate "2013.06.25"]
[SourceVersion "2"]
[SourceVersionDate "2013.06.25"]
[SourceQuality "1"]

1. e4 e5 2. Nf3 Nc6 3. d4 d6 4. Nc3 Bg4 5. Bg5 f6 6. Bd2 Nxd4 7. Be3 Nxf3+ 8. gxf3 Bh5 9. Nb5 c6 10. Nxd6+ Qxd6 11. Qd2 Qxd2+ 12. Bxd2 Bxf3 13. Rg1 Bxe4 14. 0-0-0 Rd8 15. Bg2 Bxg2 16. Rxg2 Bb4 17. c3 Ba5 18. Re1 Ne7 19. Rxg7 Rg8 20. Rxh7 Kd7 21. Be3 Kc8 22. Bxa7 Nd5 23. Rh3 Nf4 24. Rh6 Ng2 25. Re4 Nf4 26. Rxf6 Rg1+ 27. Kc2 Rg2 28. Ra4 Rxf2+ 29. Bxf2 Kc7 30. Rxa5 b6 31. Ra7+ Kb8 32. Bxb6 Rc8 33. Rff7 Re8 34. Rfd7 Rh8 35. Rdb7+ Kc8 36. Ra8+ Kxb7 37. Rxh8 Kxb6 38. h3 e4 39. Re8 Nxh3 40. Rxe4 Ng5 41. Rc4 Nf3 42. Kb3 Ne5 43. Rb4+ Kc7 44. c4 c5 45. Rb5 Kc6 46. Ka4 Nd3 47. Ka5 Nc1 48. b4 Nxa2 49. Rxc5+ Kb7 50. b5 Nc1 51. b6 Nb3+ 52. Kb5 Nxc5 53. Kxc5 Kb8 54. Kc6 Kc8 55. b7+ Kb8 56. Kb6 1/2-1/2